Statistics for Click Quiz: Quote to Movie Title #2

Click here to take the quiz!

General Stats

  • This quiz has been taken 23 times
  • The average score is 12 of 15

Answer Stats

HintAnswer% Correct
"Roads? Where we're going we don't need roads"Back to the Future
100%
"I'm the king of the world!"Titanic
100%
"Mama says, 'Stupid is as stupid does'"Forrest Gump
95%
"Here's Johnny!"The Shining
95%
"I'm having an old friend for dinner"The Silence of the Lambs
90%
"Say hello to my little friend!"Scarface
85%
"The Dude abides"The Big Lebowski
85%
"Carpe diem. Seize the day, boys"Dead Poet's Society
80%
"I love the smell of napalm in the morning"Apocalypse Now
75%
"Every time a bell rings, an angel gets his wings"It's a Wonderful Life
75%
"I'm also just a girl, standing in front of a boy, asking him to love her"Notting Hill
70%
"The greatest trick the devil ever pulled was convincing the world he didn't exist"The Usual Suspects
65%
"After all, tomorrow is another day!"Gone With the Wind
55%
"Go ahead, make my day"Sudden Impact
55%
"You is kind. You is smart. You is important"The Help
50%

Score Distribution

Percentile by Number Answered

Percent of People with Each Score

Your Score History

You have not taken this quiz